| 000 | 00415 a2200157 4500 | ||
|---|---|---|---|
| 001 | 59463 | ||
| 082 | _a621.3192 HAY | ||
| 090 |
_c36391 _d36391 |
||
| 100 | _aHayt, William H. | ||
| 245 |
_aEngineering circuit analysis, 4th Ed _cWilliam H. Hayt |
||
| 250 | _a4 | ||
| 260 |
_aNewYork _bMcGraw Hill _c1986 |
||
| 300 |
_axvii, 653 p. _bphotocopy |
||
| 500 | _aBE textbook Avionics | ||
| 600 | _aJack E. Kemmerly | ||
| 942 |
_aNUST-CAE _k621.3192 HAY |
||
| 999 |
_c294536 _d294536 |
||